Responses for show #6309 - Thursday, February 9, 2012

2012 College Championship semifinal game 2.

Contestants

Jaime Alayon, a sophomore at the George Washington University from Miami, Florida

Greer Mackebee, a senior at Duke University from Knoxville, Tennessee

Sarah Bart, a senior at Goucher College from Philadelphia, Pennsylvania

Jeopardy! Round responses

THE ANIMAL KINGDOM
GO OUT OR STAY IN?
NAKED-ITY
IT'S THE LAW!
NONFICTION
IN THE URBAN DICTIONARY
    $200 26
coyotes

Sarah
    $200 21
The X Factor

Sarah
    $200 11
(Alex: Yeah, but who was looking at her lips?)

Lady Godiva

Jaime
    $200 5
pigeons

Jaime
    $200 16
Tuesdays with Morrie

Sarah
    $200 1
a sporting event (football game accepted)

Sarah
    $400 27
(Jaime: What is the moose?)

an elk

GreerJaime
    $400 22
St. Louis

Sarah
    $400 12
Eros (or Cupid)

Sarah
    $400 6
the Autobahn

Jaime
    $400 17
(Sarah: Who is Nancy Reagan?)

Jackie Kennedy

Sarah
Triple Stumper
    $400 2
a vegetarian

Triple Stumper
    $600 28
gibbons

Triple Stumper
    $600 23
Jumping the Broom

Triple Stumper
    $600 13
PETA

Jaime
    $600 7
Thailand

Jaime
    $600 18
Stephen Hawking

Sarah
    $600 3
the friend zone

Jaime
    $800 29
a lizard

Sarah
    $800 24
Muse

Sarah
    $800 14
Rubens

Sarah
    $800 8
Ramadan

Jaime
    $1,800 19
The Perfect Storm

Sarah
    $800 4
(going to) work

Greer
    $1000 30
(Sarah: What is a Dalmatian?)
(Jaime: What is a dog salamander?)

a water dog (or a mud puppy) salamander

SarahJaime
Triple Stumper
    $1000 25
[Applause for Sarah's near-run of the category]

A Prairie Home Companion

Sarah
    $1000 15
Allen Ginsberg

Triple Stumper
    $1000 9
[Applause for Jaime's run of the category]

Grenada

Jaime
    $1000 20
Wounded Knee

Sarah
    $1000 10
the race card

Jaime

Scores at the first commercial break (after clue 15):

Sarah Greer Jaime
$1,400 $800 $5,400

Scores at the end of the Jeopardy! Round:

Sarah Greer Jaime
$7,000 $1,200 $4,000

Double Jeopardy! Round responses

GAME OF THRONES
THEATER
WORLD CAPITALS
FAST-FOOD FOREIGN MENU
FESTIVALS
"OH" MY!
    $400 6
...
(Alex: It was in Westminster Abbey in [*])

England

Triple Stumper
    $400 21
Death of a Salesman

Sarah
    $400 1
the Atlantic

Greer
    $400 14
McDonald's

Jaime
    $400 26
jack-o-lanterns (or pumpkins_

Greer
    $400 9
Play-Doh

Sarah
    $800 7
King Tut

Greer
    $800 22
Neil Simon

Sarah
    $800 2
(Jaime: What is Canberra?)

Wellington

SarahJaime
    $800 15
(Jaime: What is Burger King?)

Subway

GreerJaime
    $6,000 27
the Cherry Blossom festival

Greer
    $800 10
prohibit

Sarah
    $1200 8
Charlemagne

Triple Stumper
    $1200 23
C.S. Lewis

Sarah
    $1200 3
Havana

Sarah
    $1200 16
Dairy Queen

Sarah
    $1200 28
chowders

Sarah
    $1200 11
carbohydrates

Greer
    $1600 19
Saint Peter

Sarah
    $1600 24
9 to 5

Sarah
    $4,000 4
(Alex: He was Norwegian.)

Oslo

Sarah
    $1600 17
KFC

Greer
    $1600 29
(Jaime: What is Sundance?)

Telluride

Jaime
Triple Stumper
    $1600 12
coherent

Sarah
    $2000 20
(Sarah: What is Beijing?)

Seoul

SarahGreer
    $2000 25
the mountaintop

Triple Stumper
    $2000 5
Oman

Sarah
    $2000 18
Wendy's

Sarah
    $2000 30
the Chisholm Trail

Triple Stumper
    $2000 13
mohair

Jaime

Scores at the end of the Double Jeopardy! Round:

Sarah Greer Jaime
$25,800 $14,400 $3,200

[wagering suggestions for these scores]

Final Jeopardy! Round responses

CHARACTERS IN POETRY
(Alex: [To Sarah] Yes. Henry Wadsworth Longfellow.)
JaimeWho is ???
$3,199
GreerWho is Persephone?
$11,401
SarahWho is Evangeline
$3,500
Evangeline

Final scores:

Sarah Greer Jaime
$29,300 $2,999 $1
Finalist 2nd place: $10,000 3rd place: $10,000

Game dynamics:

Coryat scores:

Sarah Greer Jaime
$22,400 $9,200 $3,200
28 R
(including 2 DDs),
3 W
10 R
(including 1 DD),
0 W
11 R,
5 W

Combined Coryat: $34,800

The J! Archive is created by fans, for fans. The Jeopardy! game show and all elements thereof, including but not limited to copyright and trademark thereto, are the property of Jeopardy Productions, Inc. and are protected under law. This website is not affiliated with, sponsored by, or operated by Jeopardy Productions, Inc. Join the discussion at JBoard.tv.